Economic theory and operations analysis (Record no. 542118)

000 -LEADER
fixed length control field 00453nam a22001457a 4500
020 ## - INTERNATIONAL STANDARD BOOK NUMBER
International Standard Book Number 0132271575
082 ## - DEWEY DECIMAL CLASSIFICATION NUMBER
Classification number 330.01
Author Mark BAU
-- D
245 ## - TITLE STATEMENT
Title Economic theory and operations analysis
Statement of responsibility, etc. Prentice Hall International in Management
250 ## - EDITION STATEMENT
Edition statement 3rd
260 ## - PUBLICATION, DISTRIBUTION, ETC.
Place of publication, distribution, etc. United Kingdom
Name of publisher, distributor, etc. Prentice Hall International in Management
Date of publication, distribution, etc. 1972
300 ## - PHYSICAL DESCRIPTION
Extent 626 p. :
Other physical details ill, ;
Dimensions 20 cm.
526 ## - STUDY PROGRAM INFORMATION NOTE
Program name 0
Interest level 0
Reading level 0
Title point value 338_500000000000000_BAU
650 ## - SUBJECT ADDED ENTRY--TOPICAL TERM
Topical term or geographic name entry element MCE
9 (RLIN) 379
942 ## - ADDED ENTRY ELEMENTS (KOHA)
Source of classification or shelving scheme
Koha item type Book
Holdings
Withdrawn status Lost status Source of classification or shelving scheme Damaged status Not for loan Permanent Location Current Location Date acquired Total Checkouts Full call number Barcode Date last seen Copy number Price effective from Koha item type
          Military College of Engineering (MCE) Military College of Engineering (MCE) 09/23/2013   338.5 BAU MCE-43115 09/23/2013 1 09/23/2013 Book
© 2023 Central Library, National University of Sciences and Technology. All Rights Reserved.